Wizard101: All Schools of Magic - Statistics

General Stats
  • This quiz has been taken 152 times
  • The average score is 10 of 11
Answer Stats
School % Correct
Fire
100%
Death
98%
Ice
98%
Myth
98%
Storm
98%
Life
97%
Balance
94%
Moon
87%
Sun
85%
Star
76%
Shadow
69%
No matching quizzes found
Score Distribution
Percent of People with Each Score
Percentile by Number Answered
Your Score History
You have not taken this quiz